Statistics for United States of America Quiz

Click here to take the quiz!

General Stats

  • This quiz has been taken 20 times
  • The average score is 4 of 11

Answer Stats

HintAnswer% Correct
What is Americas capital?Washington DC
89%
What was Americas Old capital 3?New York City
72%
What was Americas Old capital 1?Philadelphia
72%
When did the Civil War started?1861
33%
When did the Civil War ended?1865
33%
What was Americas Old capital 2Baltimore
17%
What cities did America bomb in WW2?Hiroshima and Nagasaki
17%
Side America was on in WW1 until 1917?Neutral
11%
What side was America on after 1917?Allied Powers
6%
What is Date America Officially became independent?July 2nd 1776
6%
What event happened on 9/11?The collapse of the Twin Towers
0%

Score Distribution

Percentile by Number Answered

Percent of People with Each Score

Your Score History

You have not taken this quiz